000 00575nam a22001457a 4500
020 _a978-0-330-44658-7
082 _a823
_bMAR/J
100 _aMARSHALL, JILL
245 _aJANE BLONDE
260 _aLONDON
_bMAC MILLAN CHILDRENS BOOK
_c2007
300 _a245
520 _aWhen Jane Blonde becomes a sky-diving sensation she's on cloud nine! But her flying skills are put to the test when a flock of freaky creatures takes to the air. Can Blonde uncover the dangerous force behind her new enemy before she's blasted out of the skies?
650 _aSHORT STORY
942 _cBK
999 _c6144
_d6144